000
00231nmm a2200085Ia 4500
008
220120s9999||||xx |||||||||||||||||und||
100
_a
Chip
245
0
_a
10 full free applications, power tools pack, full games
260
_a
Infomedia18
999
_c
139736
_d
139736